00633 a2200217 4500260001000000630009900010037001300109650002800122100001800150260003200168245008700200300001100287650002700298650002300325260000900348300000900357100000700366037001200373037001200385020001800397 aParis a65 - Gestion et organisation de lindustrie, du commerce, de la communication et des transports b2, Achat a6 - SCIENCES APPLIQUEES aCardon, Alain bLes Editions d'Organisation aLe manager et son équipe : l'analyse transactionnelle et l'école de Palto-Alto a114 p. aEntreprise : dirigeant aGroupe : animation c1986 b24cm lFr aDe 6928 aDe 6925 a2-7081-0763-1